000 00409 a2200169 4500
001 46177
020 _a978-85-06-04933-4
040 _cAnchieta - Aquarius
100 _aBunting, Karl-Dieter
240 1 0 _a=Timo e a fantástica dança das letras
_lpor
245 1 0 _a=Timo e a fantástica dança das letras
300 _a
362 0 _a2008
440 1 _aMelhoramentos
650 4 _aRomance
942 _cBK
999 _c46177
_d46177